00417nam a2200157Ia 4500008004100000020001400041082001200055100001800067245003100085250000700116260003400123300002400157500000700181600002100188650005000209240925s9999 xx 000 0 und d a201419998 a005 NEI aNeil, Bradley 4aThe concise SGML companion aNA aNew York:bFree Pressc,1997. a324p.bNAfOriginal aNA aComputer Science aComputer science, information & general works